[Event "Moscow Kolomenskaya op"]
[Site "Moscow"]
[Date "2014.10.07"]
[Round "5"]
[White "Nozdrachev, Leonid"]
[Black "Rakhmangulov, Andrei"]
[Result "1-0"]
[WhiteElo "2408"]
[BlackElo "2346"]
[PlyCount "119"]
[EventDate "2014.10.05"]
[EventType "swiss"]
[EventRounds "9"]
[EventCountry "RUS"]
[SourceTitle "CBM 162 Extra"]
[Source "ChessBase"]
[SourceDate "2014.10.17"]
[SourceVersion "1"]
[SourceVersionDate "2014.10.17"]
[SourceQuality "1"]

1. e4 d6 2. d4 Nf6 3. Nc3 g6 4. Nf3 Bg7 5. Be3 c6 6. Qd2 b5 7. a3 0-0 8. Bh6 Qc7 9. Qg5 e5 10. dxe5 dxe5 11. 0-0-0 Ng4 12. Bxg7 Kxg7 13. Qh4 f6 14. h3 Nh6 15. g4 Be6 16. Qg3 Nd7 17. Nd4 Rae8 18. Nf5+ gxf5 19. gxf5+ Kh8 20. fxe6 Rxe6 21. h4 Re7 22. Bh3 Ng8 23. Qe3 Rff7 24. Ne2 Nf8 25. Qc5 Ne6 26. Qd6 Nd4 27. Qxc7 Nxe2+ 28. Kd2 Rxc7 29. Kxe2 Rf8 30. Rhg1 Ne7 31. h5 Rg8 32. Be6 Rxg1 33. Rxg1 h6 34. f4 exf4 35. Kf3 c5 36. Kxf4 Rc6 37. Bd7 Rd6 38. Bxb5 Rb6 39. a4 a6 40. Bd3 Rxb2 41. e5 Rb4+ 42. c4 fxe5+ 43. Kxe5 Rb3 44. Rd1 a5 45. Kd6 Nc8+ 46. Kxc5 Nb6 47. Kd6 Nxa4 48. Bc2 Rb6+ 49. Kc7 Rb4 50. Bxa4 Rxa4 51. c5 Rh4 52. c6 Rxh5 53. Kb6 Rh2 54. c7 Rc2 55. Rd6 Rb2+ 56. Kxa5 Rc2 57. Rd8+ Kg7 58. c8Q Rxc8 59. Rxc8 Kf6 60. Rc5 1-0